| 000 | 00580cam a22001571 4500 | ||
|---|---|---|---|
| 082 |
_a688.1 _bWIC _cL-24, P-1. |
||
| 100 | 1 |
_aWickham, Peter Raymond, _945107 |
|
| 245 | 1 | 0 |
_aCommercial model making; _bprofessional model making for architects, building trades, industrial purposes, exhibitions, general advertising display. |
| 260 |
_aLondon, _bVawser and Wiles _c[1945] |
||
| 300 |
_a96 p. _billus. _c19 cm. |
||
| 526 |
_a0 _b0 _c0 _d688_100000000000000_WIC |
||
| 650 | 0 |
_aArchitectural models. _945108 |
|
| 650 | 0 |
_aMCE _9379 |
|
| 650 | 0 |
_aRailroads _xModels. _945109 |
|
| 942 |
_2ddc _cBK |
||
| 999 |
_c548705 _d548705 |
||